Normal view
MARC view
- Sumbul Azeem
Entry Personal Name
001 - CONTROL NUMBER
- control field: 17260
003 - CONTROL NUMBER IDENTIFIER
- control field: NUST
005 - DATE AND TIME OF LATEST TRANSACTION
- control field: 20190710065746.0
008 - FIXED-LENGTH DATA ELEMENTS
- fixed length control field: 190710|| aca||aabn | a|a d
040 ## - CATALOGING SOURCE
- Original cataloging agency: NUST
- Transcribing agency: NUST
100 ## - HEADING--PERSONAL NAME
- Personal name: Sumbul Azeem
670 ## - SOURCE DATA FOUND
- Source citation: Work cat.: (NUST): Azeem, Sumbul 16847, Relationship Between M - Convexity and Ultramodularity /, 2013.
